Précis des cours de Mécanique appliquée et de physique industrielle del'Université de Liége / (Registro nro. 81615)
[ vista simple ]
| 000 -LEADER | |
|---|---|
| campo de control de longitud fija | 00833nam a2200205 i 4500 |
| 001 - NÚMERO DE CONTROL | |
| campo de control | 81615 |
| 003 - IDENTIFICADOR DE NÚMERO DE CONTROL | |
| campo de control | ES-MaACL |
| 005 - FECHA Y HORA DE LA ÚLTIMA TRANSACCIÓN | |
| campo de control | 20250813232022.0 |
| 007 - CAMPO FIJO DE DESCRIPCIÓN FÍSICA--INFORMACIÓN GENERAL | |
| campo de control de longitud fija | t| |
| 008 - DATOS DE LONGITUD FIJA--INFORMACIÓN GENERAL | |
| campo de control de longitud fija | 041105s1913 fr ||||1| fre d |
| 100 1# - ENTRADA PRINCIPAL--NOMBRE DE PERSONA | |
| Nombre de persona | Hubert, Herman. |
| 9 (RLIN) | 64499 |
| 245 10 - MENCIÓN DEL TÍTULO | |
| Título | Précis des cours de Mécanique appliquée et de physique industrielle del'Université de Liége / |
| Mención de responsabilidad, etc. | par Herman Hubert. |
| 250 ## - MENCION DE EDICION | |
| Mención de edición | 2ème ed. rev. et augm. |
| 260 ## - PUBLICACIÓN, DISTRIBUCIÓN, ETC. | |
| Lugar de publicación, distribución, etc. | Paris ; |
| -- | Liege : |
| Nombre del editor, distribuidor, etc. | [s.n., |
| Fecha de publicación, distribución, etc. | 1913] ( |
| Fabricante | Vaillant-Carmanne) |
| 300 ## - DESCRIPCIÓN FÍSICA | |
| Extensión | 3 v. ; |
| Dimensiones | 25 cm. |
| 505 8# - NOTA DE CONTENIDO CON FORMATO | |
| Nota de contenido con formato | Contiene: V. I: Physique industrielle. -- V. II: Résistance des matériaux. -- V. III: Lois générales du mouvement des machines. Etude de moteurs thermiques et des moteurs áa pesanteur |
| 650 #7 - PUNTO DE ACCESO ADICIONAL DE MATERIA--TÉRMINO DE MATERIA | |
| Término de materia o nombre geográfico como elemento de entrada | Mecánica aplicada |
| Fuente del encabezamiento o término | embne |
| 9 (RLIN) | 136475 |
| 852 ## - LOCALIZACIÓN | |
| Ubicación | ES-MaACL |
| Número de control de estantería | B-4536-38 |
| Estatus retirado | Estado de pérdida | Estado de daño | No para préstamo | Biblioteca de origen | Biblioteca actual | Ubicación en estantería | Fecha de adquisición | Fuente de adquisición | Total de préstamos | Signatura topográfica completa | Código de barras | Visto por última vez | Precio de reemplazo | Tipo de ítem Koha |
|---|---|---|---|---|---|---|---|---|---|---|---|---|---|---|
| Biblioteca del Ateneo de Madrid | Biblioteca del Ateneo de Madrid | Sala Pardo Bazán | 17/01/2008 | B-4536-38 | 1085310 | 23/02/2023 | 23/02/2023 | Libro impreso |
